N'oubliez pas les paroles ! Version chanson française - Statistiques

Statistiques générales
  • Ce quiz a été pris 13 318 fois
  • Le résultat moyen est 7 sur 10
Statistiques - réponses
Paroles données Paroles manquantes % Correct
Moi je n'étais rien
Et voilà qu'aujourd'hui
Je suis le gardien
Du sommeil de ses nuits __ __'__ __ __
Je l'aime à mourir
96%
Je vous parle d'un temps Que les moins de vingt ans __ __ __ __ Ne peuvent pas connaître
94%
Quand il me prend dans ses bras Qu'il me parle tout bas __ __ __ __ __ __ Je vois la vie en rose
84%
Mais c'est pas pour autant qu'il faut
Qu'on s'attache et qu'on s'empoisonne
Avec une flèche, __ __ __
Qui nous illusionne
81%
Terre brûlée au vent
Des landes de pierres
Autour des lacs, __'__ __ __ __
c'est pour les vivants
77%
Ah sacré papa
Dis-moi où es-tu caché?
Ça doit faire au moins mille fois __ __ __ __ __
Que j'ai compté mes doigts
77%
Des sacrifices
S'il le faut j'en ferai
J'en ai déjà fait __ __ __ __ __
Mais toujours le poing levé
72%
Cendrillon, pour ses 30 ans
Est la plus triste des mamans
Le prince charmant a foutu le camp __ __ __ __ __ __
Avec la belle au bois dormant
63%
Moi, je t'offrirai
Des perles de pluie
Venues de pays __ __ __ __ __
Où il ne pleut pas
35%
L'otage des guerriers du Doc Xhatan
Il s'en sortira toujours à temps
Tel L'aventurier solitaire __ __ __ __ __ __ __ __
Bob Morane est le roi de la terre
30%
Aucun quiz correspondant
Distribution des résultats
% des personnes avec chaque résultat
Percentile par nombre de réponses
Votre historique - résultats
Vous n’avez pas pris ce quiz